| 000 -LEADER |
| fixed length control field |
01293cam a2200313 a 4500 |
| 001 - CONTROL NUMBER |
| control field |
3750122 |
| 005 - DATE AND TIME OF LATEST TRANSACTION |
| control field |
20170204104854.0 |
| 008 - FIXED-LENGTH DATA ELEMENTS--GENERAL INFORMATION |
| fixed length control field |
820506s1982 nyua 000 0 eng |
| 010 ## - LIBRARY OF CONGRESS CONTROL NUMBER |
| LC control number |
82004580 |
| 020 ## - INTERNATIONAL STANDARD BOOK NUMBER |
| International Standard Book Number |
0486243494 |
| 041 1# - LANGUAGE CODE |
| Language code of text/sound track or separate title |
engdutita |
| 050 00 - LIBRARY OF CONGRESS CALL NUMBER |
| Classification number |
NA2515 .S513 1982 |
| 100 1# - MAIN ENTRY--PERSONAL NAME |
| Personal name |
Serlio, Sebastiano, |
| Dates associated with a name |
1475-1554. |
| 240 10 - UNIFORM TITLE |
| Uniform title |
<a href="Tutte l'opere d'architettura.">Tutte l'opere d'architettura.</a> |
| Number of part/section of a work |
Libro 1-5. |
| Language of a work |
English |
| 245 14 - TITLE STATEMENT |
| Title |
The five books of architecture : |
| Remainder of title |
an unabridged reprint of the English edition of 1611 / |
| Statement of responsibility, etc. |
Sebastiano Serlio. |
| 250 ## - EDITION STATEMENT |
| Edition statement |
Dover ed. |
| 260 ## - PUBLICATION, DISTRIBUTION, ETC. (IMPRINT) |
| Place of publication, distribution, etc. |
New York : |
| Name of publisher, distributor, etc. |
Dover Publications, |
| Date of publication, distribution, etc. |
1982. |
| 300 ## - PHYSICAL DESCRIPTION |
| Extent |
[190] p. in various pagings : |
| Other physical details |
ill. ; |
| Dimensions |
31 cm. |
| 500 ## - GENERAL NOTE |
| General note |
Translation of: Tutte l'opere d'architettura. |
| 500 ## - GENERAL NOTE |
| General note |
Translated from Italian into Dutch, from Dutch into English. |
| 500 ## - GENERAL NOTE |
| General note |
Originally published: The first [-fift] booke of architecture. London : Printed for R. Peake, 1611. |
| 650 #0 - SUBJECT ADDED ENTRY--TOPICAL TERM |
| Topical term or geographic name as entry element |
Architecture |
| General subdivision |
Early works to 1800. |
| 856 42 - ELECTRONIC LOCATION AND ACCESS |
| Materials specified |
Publisher description |
| Uniform Resource Identifier |
<a href="http://www.loc.gov/catdir/description/dover033/82004580.html">http://www.loc.gov/catdir/description/dover033/82004580.html</a> |
| 942 ## - ADDED ENTRY ELEMENTS (KOHA) |
| Source of classification or shelving scheme |
|
| Koha item type |
Hard Covered Materials |